|
|
แสดงรายละเอียดบรรณานุกรม |
|
|
Brief Record
: Get Marc (ISO 2709)
: E-mail record
: |
| LEADER 00000nama 2200000uu 4500 | |||
| 001 180078 | |||
| 003 ULIBM | |||
| 008 040531s1973 th m m a000 0 tha d | |||
| 041 eng | |||
| 050 QS504 C782b | |||
| 100 Copenhaver, Wilfred M. | |||
| 245 Bailey's textbook of history / Wilford M. Copenhaver , Richard P. Bunge and Mary Bartlett Bunge 001 | |||
| 250 16 | |||
| 260 Baltimore Williams & Wilkins 1973 | |||
| 300 745 p. | |||
| 650 Histology | |||
| 998 1999-05-26 | |||
| คุณยังไม่ได้ล็อกอิน คุณสามารถมีกิจกรรมร่วมกับเว็บไซต์ได้ แต่ต้องล็อกอินก่อน :: |
|
| สถานะ | |||||||||
| 1. | หนังสือทั่วไป สถานะ=อยู่บนชั้นแสดงหนังสือ | QS504 C782b 1973 | On Shelf ขอยืม | ||||||
| [แสดง 1/1 รายการ] | |||||||||
BibComment |
| คอมเมนท์ทรัพยากรรายการนี้ |
|
|